Statystyki dla Największe miasta w Polsce na literę W

Kliknij tutaj aby rozwiązać quiz!

Ogólne statystyki

  • Ten quiz został rozwiązany 4 416 razy
  • Średni wynik to 5 z 10

Statystyki odpowiedzi

Rank.Liczba mieszańcówWojewództwoMiasto% Poprawnych
1.1.790.658mazowieckieWarszawa
99%
2.642.869dolnośląskieWrocław
96%
3.111.356dolnośląskieWałbrzych
71%
4.109.883kujawsko-pomorskieWłocławek
62%
5.49.505pomorskieWejherowo
39%
6.47.813śląskieWodzisław Śląski
28%
7.37.056mazowieckieWołomin
24%
8.30.992wielkopolskieWrześnia
21%
9.26.997mazowieckieWyszków
20%
10.25.686wielkopolskieWągrowiec
15%

Rozkład punktacji

Percentyl według liczby udzielonych odpowiedzi

Procent ludzi z każdym wynikiem

Twoja historia wyników

Nie rozwiązałeś tego quizu